High Speed Serdes Devices and Applications /

Guardado en:
Detalles Bibliográficos
Otros autores: Stauffer, David Robert (autor) (autor)
Formato: Libro
Idioma:Inglés
Publicado: Nueva York, EUA : Springer, 2008, c2008
Temas:
Acceso en línea:Ver documento en línea
Etiquetas: Agrega una etiqueta
Sin etiquetas, Sé el primero en etiquetar este registro!

MARC

LEADER 00000nam^a2200000^a^4500
001 000399910
005 20251023000000.0
009 20260310121604.068
020 |a 978-0-387-79834-9 
037 |a Acervo ITESO - Biblioteca 
041 |a ING 
082 |a 621. 3815  |b HIG 
245 0 0 |a High Speed Serdes Devices and Applications /  |c D.R. Stauffer... [et al.]. 
264 4 |a Nueva York, EUA :  |b Springer,  |c 2008, c2008 
264 2 |a Birmingham, EUA :  |b EBSCOhost [distribución],  |c 2008 
300 |a 1 libro electrónico en línea (XIV, 484 p.) 
300 |a 1 recurso en línea 
336 |a datos para computadora  |b cod  |2 rdacontenido 
337 |a computadora  |b c  |2 rdamedio 
338 |a recurso en línea  |b cr  |2 rdasoporte 
506 1 |a 3 licencias 
521 |a Peticiones 2018 
649 |a XX 
650 |a Circuitos Serializadores y Deserializadores -  |x Diseño y Construcción -  |x Tema Principal 
650 |a Circuitos Integrados Digitales -  |x Diseño y Construcción 
650 |a Transmisión de Datos 
650 |a Electrónica Digital 
650 |a Ingeniería Electrónica 
700 |a Stauffer, David Robert  |e (autor) 
856 4 0 |u https://ezproxy.iteso.mx/login?url=https://search.ebscohost.com/login.aspx?direct=true&scope=site&db=nlebk&db=nlabk&AN=275832  |y Ver documento en línea 
910 |a Fondo General 
920 |a Electrónicos - Libros en Línea 
930 |a Plataforma Digital 
905 |a 205 
901 |a 399910-1  |b IT2  |c EBO  |i C1350  |u 20250521 
901 |a 399910-2  |b IT2  |c EBO  |i C1350  |u 20250521 
901 |a 399910-3  |b IT2  |c EBO  |i C1350  |u 20250521 
902 |a https://opac.biblio.iteso.mx/vufind/Record/000399910